ශ්රී ලංකාවේ වඳ වී යන ශාක
Saved in:
| Main Author: | |
|---|---|
| Format: | Book |
| Language: | English Sinhalese |
| Published: |
නුගේගොඩ :
සොබාදම් ප්රකාශකයෝ,
2018
|
| Subjects: | |
| Tags: |
Add Tag
No Tags, Be the first to tag this record!
|
MARC
| LEADER | 00000nam a22000007a 4500 | ||
|---|---|---|---|
| 008 | 210504b ||||| |||| 00| 0 eng d | ||
| 020 | |a 9789551414221 | ||
| 041 | |h sin | ||
| 082 | |a 581.68095493 |b විජේවි | ||
| 100 | |a විජේවික්රම, ජයන්ත | ||
| 245 | |a ශ්රී ලංකාවේ වඳ වී යන ශාක | ||
| 246 | |a Sri Lankave vanda vee yana shaka | ||
| 260 | |a නුගේගොඩ : |b සොබාදම් ප්රකාශකයෝ, |c 2018 | ||
| 300 | |a පි. 64 : |b ඡායාරූප : චිත්ර ; |c සෙමී. 21. | ||
| 650 | |a වඳ වී යන ශාක - ශ්රී ලංකාව | ||
| 942 | |c REF | ||
| 999 | |c 32802 |d 32802 | ||